Normal view
MARC view
Entry Personal Name
001 - CONTROL NUMBER
- control field: 61612
003 - CONTROL NUMBER IDENTIFIER
- control field: OSt
005 - DATE AND TIME OF LATEST TRANSACTION
- control field: 20160602130451.0
008 - FIXED-LENGTH DATA ELEMENTS
- fixed length control field: 160602|| aca||aabn | a|a d
040 ## - CATALOGING SOURCE
- Original cataloging agency: OSt
- Transcribing agency: OSt
100 ## - HEADING--PERSONAL NAME
- Personal name: भट़टी, इसहाक
670 ## - SOURCE DATA FOUND
- Source citation: Work cat.: (OSt)19011: भट़टी, इसहाक , मौलाना अबुल कलाम आजाद एक युग पुरूष , 2002









